| 000 | 00605cam a22002293a 4500 | ||
|---|---|---|---|
| 001 | 23009 | ||
| 003 | PGUSA | ||
| 005 | 20140828083505.0 | ||
| 008 | 071012s2007||||xxu|||||s|||||000 1 eng d | ||
| 040 |
_aPGUSA _beng |
||
| 042 | _adc | ||
| 050 | 4 | _aPR | |
| 100 | 1 |
_aHarris, Frank, _d1856-1931 |
|
| 245 | 1 | 2 |
_aA Modern Idyll _h[electronic resource] / _cFrank Harris |
| 260 |
_bProject Gutenberg, _c2007 |
||
| 506 | _aPublic domain in the USA. | ||
| 516 | _aElectronic text | ||
| 653 | _aFiction | ||
| 830 | 0 |
_aProject Gutenberg _v23009 |
|
| 856 | 4 | 0 | _uhttp://www.gutenberg.org/ebooks/23009 |
| 942 | _cEB | ||
| 999 |
_c252264 _d252264 |
||